Sobre mi hija /

Na minha lista:
Detalhes bibliográficos
Autor principal: Hye-jim, Kim (autor)
Formato: Livro
Idioma:espanhol
Publicado em: Buenos Aires, Argentina : Fiordo, 2022, c2022
Edição:2a edición
Assuntos:
Tags: Adicionar Tag
Sem tags, seja o primeiro a adicionar uma tag!

MARC

LEADER 00000nam^a2200000^a^4500
001 000553730
005 20250521000000.0
009 20260310131644.179
020 |a 978-987-4178-58-9 
037 |a Acervo ITESO - Biblioteca 
041 |a ESP 
082 |a 895. 7  |b HYE 
100 |a Hye-jim, Kim  |e (autor) 
245 1 0 |a Sobre mi hija /  |c K. Hye-Jim ; tr. por Irma Zyanya Gil Yáñez, Minjeong Jeong. 
250 |a 2a edición 
264 4 |a Buenos Aires, Argentina :  |b Fiordo,  |c 2022, c2022 
300 |a 139 p. 
336 |a texto  |b txt  |2 rdacontenido 
337 |a sin mediación  |b n  |2 rdamedio 
338 |a volumen  |b nc  |2 rdasoporte 
500 |a Traducción de: 딸에 대하여 
521 |a FIL 2022 DIA 
649 |a XX 
650 |a Mujeres en la Literatura 
650 |a Madres en la Literatura 
650 |a Novela Coreana 
650 |a Literatura de Mujeres -  |z Corea 
650 |a Literatura Gay y Lésbica -  |z Corea 
650 |a Literatura Coreana -  |y Siglo XXI 
650 |a Identidad Personal en la Literatura 
650 |a Identidad de Género en la Literatura 
910 |a Fondo General 
920 |a Impresos - Libros 
930 |a Colección General 
940 |a Literatura 
905 |a 101 
901 |a 0500387392  |b IT1  |c LIT  |i C180188  |u 20250521 
902 |a https://opac.biblio.iteso.mx/vufind/Record/000553730